LEADER 01172nam a2200277 a 4500 001 000000131583 003 CaOOAMICUS 005 20121123114357.0 008 121123s1961 sz u000 u fre r 040 $aPUL$bita 100 1 $aBiéler, André.$0(OLS)http://pul/name/56796 245 12$aL'humanisme social de Calvin /$cAndré Bieler ; pref. du Dr. W. A. Visser't Hooft. 260 $aGenève :$bLabor et Fides,$c©1961. 300 $a110 p. ;$c18 cm. 490 1 $aEthique: croire, penser, espérer 504 $aInclude riferimenti bibliografici. 600 14$aCalvin, Jean,$d1509-1564$xPensiero politico e religioso.$0(OLS)http://pul/subject/23167 700 1 $aVisser't Hooft, Willem Adolf.$0(OLS)http://pul/name/26521 830 0$aEthique: croire, penser, espérer.$0(OLS)http://pul/title/166226 850 $aPUL 852 $aPUL$W1$xDP1 Fondo E. Rossi$y115$m1 C 15$j21553$qFondi$B150800$CPULBib$Z2$F150800 $82 941 1 $a1 961 $aSul dorso collocazione ms. di E. Rossi: C 6 996 $6245$aL'humanisme social de Calvin$9(OLS)http://pul/title/166225 996 $6260$aGenève :$bLabor et Fides$9(OLS)http://pul/publisher/61349 LEADER 00936nam a2200253 u 4500 001 000000071951 003 CaOOAMICUS 005 20070226122204.0 008 020607s1933 it u000 u ita u 035 $a10932538 040 $aPUL(R)$bita 100 1 $aSpirito, Ugo,$d1896-1979.$0(OLS)http://pul/name/5813 245 10$aCapitalismo e corporativismo /$cUgo Spirito. 260 $aFirenze :$bG.C. Sansoni,$c1923. 300 $a156 p. ;$c25 cm 500 $aContiene indice. 504 $aBibliografia in nota. 650 4$aCapitalismo.$0(OLS)http://pul/subject/7257 850 $aPUL 852 $aPUL$W1$xDP1 Cons. Gen., Altre Classi 1$y22$m845 A 9$j93067$nBK-PRI$b $qStampati$B93067$CPULBib$Z2$F93067 $H $81 941 1 $a8 961 $aINV: 36646 996 $6245$aCapitalismo e corporativismo$9(OLS)http://pul/title/94683 996 $6260$aFirenze :$bG.C. Sansoni$9(OLS)http://pul/publisher/48247